| 000 | 00517nam a2200169 a 4500 | ||
|---|---|---|---|
| 005 | 20140310183458.0 | ||
| 008 | 100113s19uu xx 00 eng d | ||
| 020 | _a13:978-0-495-80644-8 | ||
| 100 | _aAamodt, Michael G. | ||
| 245 |
_aIndustrial/Organizational Psychology : _ban applied approach / _cMichael G. Aaamodt. |
||
| 250 | _a6th ed. | ||
| 260 |
_aAustralia : _bWadsworth CENGAGE Learning, _cc2010. |
||
| 300 | _a684 p. | ||
| 650 | _aPsychology, Industrial | ||
| 650 | _aOrganizational Change. | ||
| 942 | _cBK | ||
| 999 |
_c23754 _d23754 |
||